000 00526nam a2200193Ia 4500
005 20260120130357.0
008 008 260114s9999 xx 000 0 eng d
020 _a9780191706424
037 _aEBOOK
040 _aCRL
_beng
_cCRL
041 _aeng
_2eng
084 _qCRL
100 _aHinzen
_9914284
245 0 _aMind Design and Minimal Syntax
260 _bOxford University PressOxford University Press
_c2007
856 _uhttps://academic.oup.com/book/2193
942 _cEBOOK
999 _c1506188
_d1506188